<?xml version="1.0" encoding="UTF-8"?>
<collection xmlns="http://www.loc.gov/MARC21/slim">
    <record>
        <controlfield tag="001">56771</controlfield>
        <controlfield tag="005">20190221115643.0</controlfield>
        <datafield tag="024" ind1="8" ind2=" ">
            <subfield code="2">sideral</subfield>
            <subfield code="a">96218</subfield>
        </datafield>
        <datafield tag="037" ind1=" " ind2=" ">
            <subfield code="a">ART-2016-96218</subfield>
        </datafield>
        <datafield tag="041" ind1=" " ind2=" ">
            <subfield code="a">eng</subfield>
        </datafield>
        <datafield tag="100" ind1=" " ind2=" ">
            <subfield code="0">(orcid)0000-0002-5090-2331</subfield>
            <subfield code="a">Fernandez Morales, Angelica</subfield>
            <subfield code="u">Universidad de Zaragoza</subfield>
        </datafield>
        <datafield tag="245" ind1=" " ind2=" ">
            <subfield code="a">Why Density? Desmontando el mito de la sandía cúbica [Reseña]</subfield>
        </datafield>
        <datafield tag="260" ind1=" " ind2=" ">
            <subfield code="c">2016</subfield>
        </datafield>
        <datafield tag="506" ind1="0" ind2=" ">
            <subfield code="a">Access copy available to the general public</subfield>
            <subfield code="f">Unrestricted</subfield>
        </datafield>
        <datafield tag="520" ind1="3" ind2=" ">
            <subfield code="a">Este libro es el volumen más recientemente publicado de la colección Density, iniciada en 2002 por a+t research group como una investigación continuada sobre la vivienda colectiva a nivel mundial. Why Density aborda la cuestión de la densidad en los grandes proyectos urbanos residenciales y de usos mixtos. Al igual que los volúmenes precedentes —como This is hy- brid o 10 historias sobre vivienda colectiva—,lo hace de una manera amena, basada en ejemplos concretos y con una estética gráfica muy atractiva, priorizando la imagen al texto.</subfield>
        </datafield>
        <datafield tag="540" ind1=" " ind2=" ">
            <subfield code="9">info:eu-repo/semantics/openAccess</subfield>
            <subfield code="a">by-nc-nd</subfield>
            <subfield code="u">http://creativecommons.org/licenses/by-nc-nd/3.0/es/</subfield>
        </datafield>
        <datafield tag="655" ind1=" " ind2="4">
            <subfield code="a">info:eu-repo/semantics/other</subfield>
            <subfield code="v">info:eu-repo/semantics/publishedVersion</subfield>
        </datafield>
        <datafield tag="710" ind1="2" ind2=" ">
            <subfield code="1">5010</subfield>
            <subfield code="2">300</subfield>
            <subfield code="a">Universidad de Zaragoza</subfield>
            <subfield code="b">Unidad Predepartamental de Arquitectura</subfield>
            <subfield code="c">Expresión Gráfica Arquitectónica</subfield>
        </datafield>
        <datafield tag="773" ind1=" " ind2=" ">
            <subfield code="g">5 (2016), 276</subfield>
            <subfield code="p">ZARCH</subfield>
            <subfield code="t">ZARCH</subfield>
            <subfield code="x">2341-0531</subfield>
        </datafield>
        <datafield tag="856" ind1="4" ind2="1">
            <subfield code="u">http://zarch.unizar.es/images/Descargas/PDF/Resenas05/05RES03%20-%20Angelica%20Fernandez%20Morales.pdf</subfield>
            <subfield code="z">Texto completo de la revista</subfield>
        </datafield>
        <datafield tag="856" ind1="4" ind2=" ">
            <subfield code="s">404184</subfield>
            <subfield code="u">http://zaguan.unizar.es/record/56771/files/texto_completo.pdf</subfield>
            <subfield code="y">Versión publicada</subfield>
        </datafield>
        <datafield tag="856" ind1="4" ind2=" ">
            <subfield code="s">139622</subfield>
            <subfield code="u">http://zaguan.unizar.es/record/56771/files/texto_completo.jpg?subformat=icon</subfield>
            <subfield code="x">icon</subfield>
            <subfield code="y">Versión publicada</subfield>
        </datafield>
        <datafield tag="909" ind1="C" ind2="O">
            <subfield code="o">oai:zaguan.unizar.es:56771</subfield>
            <subfield code="p">articulos</subfield>
            <subfield code="p">driver</subfield>
        </datafield>
        <datafield tag="951" ind1=" " ind2=" ">
            <subfield code="a">2016-10-03-10:40:40</subfield>
        </datafield>
        <datafield tag="980" ind1=" " ind2=" ">
            <subfield code="a">ARTICLE</subfield>
        </datafield>
    </record>

    
</collection>